[Event "4NCL Division 3 Central"]
[Site "Leamington Spa, ENG"]
[Date "2022.05.02"]
[Round "9.14"]
[White "Truman, Richard G"]
[Black "Agnew, Alan"]
[Result "0-1"]
[WhiteElo "1931"]
[BlackElo "2054"]
[PlyCount "96"]
[EventDate "2022.05.02"]
[WhiteTeam "Ashfield 1"]
[BlackTeam "The Rookies"]

1. d4 d5 2. c4 e6 3. Nf3 Nf6 4. g3 Be7 5. Bg2 O-O 6. O-O c6 7. Qc2 b6 8. Rd1
Bb7 9. b3 Na6 10. Bb2 Rc8 11. Nc3 c5 12. Ne5 cxd4 13. Nb5 Nb4 14. Qb1 a6 15.
Nxd4 Qc7 16. a3 Qxe5 17. axb4 Qb8 18. b5 axb5 19. Nxb5 dxc4 20. Bxb7 Qxb7 21.
Ra7 Qc6 22. Nd4 Qe8 23. bxc4 Ra8 24. Qa2 Ne4 25. Nb5 Bc5 26. e3 Qc6 27. h4 h5
28. Bd4 Rxa7 29. Qxa7 Ra8 30. Qc7 Qxc7 31. Nxc7 Ra2 32. Rf1 Rc2 33. Nb5 Rxc4
34. Rb1 Rc2 35. Rb2 Rxb2 36. Bxb2 g6 37. Kg2 f5 38. Be5 Kf7 39. Nd4 Bxd4 40.
Bxd4 b5 41. f3 Nf6 42. Kf2 Nd7 43. g4 e5 44. Bb2 Ke6 45. gxh5 gxh5 46. e4 Nf8
47. exf5+ Kxf5 48. Ke2 Ng6 0-1

[Event "4NCL Division 3 Central"]
[Site "Leamington Spa, ENG"]
[Date "2022.05.02"]
[Round "9.15"]
[White "Jones, Christopher M"]
[Black "Flynn, David"]
[Result "1-0"]
[WhiteElo "2132"]
[BlackElo "1854"]
[PlyCount "55"]
[EventDate "2022.05.02"]
[WhiteTeam "The Rookies"]
[BlackTeam "Ashfield 1"]

1. e4 c5 2. Nc3 Nc6 3. g3 g6 4. Bg2 Bg7 5. Nge2 d6 6. O-O e5 7. d3 Nge7 8. Be3
O-O 9. Qd2 Nd4 10. f4 exf4 11. Nxf4 Rb8 12. Nfd5 Nxd5 13. Nxd5 Be6 14. Bg5 f6
15. Be3 Nb5 16. Rf2 Nc7 17. Raf1 Nxd5 18. exd5 Bf5 19. h3 h5 20. Rxf5 gxf5 21.
Rxf5 Re8 22. Bf4 Qd7 23. Be4 Re5 24. Bxe5 fxe5 25. Rxh5 Rf8 26. Qg5 Qd8 27.
Bh7+ Kf7 28. Qg6+ 1-0

[Event "4NCL Division 3 Central"]
[Site "Leamington Spa, ENG"]
[Date "2022.05.02"]
[Round "9.16"]
[White "Levens, David G"]
[Black "Compton, Alistair"]
[Result "0-1"]
[WhiteElo "1884"]
[BlackElo "2036"]
[PlyCount "102"]
[EventDate "2022.05.02"]
[WhiteTeam "Ashfield 1"]
[BlackTeam "The Rookies"]

1. e4 e6 2. f4 d5 3. e5 c5 4. Nf3 Nh6 5. d4 Nc6 6. c3 Qb6 7. Na3 cxd4 8. cxd4
Bxa3 9. bxa3 Nf5 10. Bd3 Nfxd4 11. Rb1 Nxf3+ 12. Qxf3 Qa5+ 13. Bd2 Qxa3 14. O-O
Qe7 15. Bb5 Bd7 16. Bxc6 bxc6 17. Bb4 c5 18. Ba3 O-O 19. Rbc1 Rfc8 20. Rc3 Bb5
21. Rfc1 Bc4 22. g4 Rab8 23. Qf2 Rb5 24. Re1 Rcb8 25. h4 Rb1 26. Rcc1 Rxc1 27.
Rxc1 Rb5 28. Re1 g6 29. Kh2 f5 30. gxf5 exf5 31. Rg1 Ra5 32. Qg3 Be2 33. Bc1
Rxa2 34. Rg2 Bc4 35. Bb2 Qb7 36. Qc3 Qb3 37. Qxb3 Bxb3 38. Kg3 Kf7 39. h5 Bd1
40. hxg6+ hxg6 41. Kh4 a5 42. e6+ Kxe6 43. Rxg6+ Kd7 44. Rg7+ Kc6 45. Be5 d4
46. Rc7+ Kd5 47. Kg5 Bg4 48. Ra7 Ke4 49. Rc7 Rc2 50. Ra7 d3 51. Rxa5 d2 0-1

[Event "4NCL Division 3 Central"]
[Site "Leamington Spa, ENG"]
[Date "2022.05.02"]
[Round "9.21"]
[White "Brown, Thomas"]
[Black "Freeland, Alex"]
[Result "1-0"]
[WhiteElo "2173"]
[BlackElo "1994"]
[PlyCount "151"]
[EventDate "2022.05.02"]
[WhiteTeam "Rhyfelwyr Essyllwg"]
[BlackTeam "West is Best 2"]

1. d4 Nf6 2. Nf3 e6 3. Bf4 c5 4. c3 Nc6 5. e3 Nh5 6. Bg5 Qb6 7. Qb3 h6 8. Qxb6
axb6 9. Bh4 g5 10. Bg3 Nxg3 11. hxg3 Bg7 12. Na3 d5 13. O-O-O f5 14. Be2 Kf7
15. Kb1 Bd7 16. Ne1 Bf6 17. g4 Ne7 18. gxf5 exf5 19. f4 g4 20. Nd3 c4 21. Ne5+
Ke6 22. Nxd7 Kxd7 23. Rh5 Ke6 24. Rdh1 Bg7 25. Bd1 Ra5 26. Nc2 Ng8 27. g3 Nf6
28. R5h2 Ne4 29. Rg2 Raa8 30. Ne1 Rh7 31. Bc2 Nf6 32. Rgh2 Rah8 33. Ng2 Ne8 34.
Rh5 Nd6 35. Nh4 Rf8 36. Ng6 Rf6 37. Ne5 Rh8 38. Ka1 b5 39. b3 Ra8 40. Kb2 Rff8
41. Ra1 Rf6 42. b4 Ra7 43. a3 Ra8 44. a4 bxa4 45. Bxa4 b5 46. Bxb5 Rxa1 47.
Bd7+ Ke7 48. Kxa1 Ne4 49. Bxf5 Nxg3 50. Bxg4 Nxh5 51. Bxh5 Ra6+ 52. Kb2 Bf6 53.
Bf3 Ke6 54. e4 dxe4 55. Bxe4 Bxe5 56. fxe5 h5 57. Bb7 Ra7 58. Bc6 h4 59. b5 Rg7
60. b6 h3 61. b7 Rg8 62. Ka3 h2 63. Kb4 Ke7 64. Kxc4 Rg6 65. Be4 Rb6 66. Kc5
Rb3 67. c4 Kd7 68. e6+ Kc7 69. e7 Kd7 70. e8=Q+ Kxe8 71. Kc6 Kd8 72. c5 Rb4 73.
Bh1 Rb1 74. Kd6 Rb4 75. c6 Rb6 76. d5 1-0

[Event "4NCL Division 3 Central"]
[Site "Leamington Spa, ENG"]
[Date "2022.05.02"]
[Round "9.22"]
[White "Davies, Matthew"]
[Black "Trevelyan, John"]
[Result "1/2-1/2"]
[WhiteElo "1897"]
[BlackElo "1961"]
[PlyCount "48"]
[EventDate "2022.05.02"]
[WhiteTeam "West is Best 2"]
[BlackTeam "Rhyfelwyr Essyllwg"]

1. d4 Nf6 2. c4 Nc6 3. Nf3 e6 4. a3 d6 5. Nc3 e5 6. d5 Ne7 7. e4 Ng6 8. g3 h5
9. h3 c5 10. Bg2 h4 11. g4 Nh7 12. Be3 Be7 13. Qd2 O-O 14. O-O Nh8 15. b4 b6
16. Rfb1 g5 17. Ne1 Ng6 18. f3 Nf4 19. Bf2 Nf6 20. Nd1 Qc7 21. Ne3 a6 22. Nd3
Bd7 23. Bf1 Rfb8 24. Rb2 a5 1/2-1/2

[Event "4NCL Division 3 Central"]
[Site "Leamington Spa, ENG"]
[Date "2022.05.02"]
[Round "9.23"]
[White "Hewitt, William"]
[Black "Jukes, Sam"]
[Result "0-1"]
[WhiteElo "1992"]
[BlackElo "1850"]
[PlyCount "102"]
[EventDate "2022.05.02"]
[WhiteTeam "Rhyfelwyr Essyllwg"]
[BlackTeam "West is Best 2"]

1. e4 c5 2. Nf3 Nc6 3. d4 cxd4 4. Nxd4 Nf6 5. Nc3 e5 6. Ndb5 d6 7. Nd5 Nxd5 8.
exd5 Nb8 9. c4 Be7 10. Be2 O-O 11. O-O f5 12. f4 a6 13. Nc3 Bf6 14. Kh1 Nd7 15.
Be3 exf4 16. Bxf4 Be5 17. Qd2 Qf6 18. Rac1 Rf7 19. b4 Bxf4 20. Rxf4 Ne5 21. c5
Qh6 22. c6 g5 23. Rd4 f4 24. Rf1 Kh8 25. Ne4 b6 26. a4 Bg4 27. Kg1 Rg8 28. Nf2
Bc8 29. Nd3 Qg7 30. Ne1 Rgf8 31. Bd1 Ng6 32. Re4 Bf5 33. Re6 Ne5 34. Qd4 Bxe6
35. dxe6 Re7 36. Qxb6 Nxc6 37. Nf3 Qc3 38. b5 axb5 39. axb5 Nd8 40. Nxg5 Nxe6
41. Nxe6 Rxe6 42. Qc6 Qe3+ 43. Kh1 Rb8 44. Bg4 Rb6 45. Qc8+ Re8 46. Qf5 Qe5 47.
Qd7 Rxb5 48. Bf5 Re7 49. Qd8+ Kg7 50. Bd3 Rb4 51. h3 Rd4 0-1

[Event "4NCL Division 3 Central"]
[Site "Leamington Spa, ENG"]
[Date "2022.05.02"]
[Round "9.24"]
[White "Turner, Lewis A"]
[Black "Hatchett, Paul"]
[Result "1/2-1/2"]
[WhiteElo "1869"]
[BlackElo "1995"]
[PlyCount "46"]
[EventDate "2022.05.02"]
[WhiteTeam "West is Best 2"]
[BlackTeam "Rhyfelwyr Essyllwg"]

1. e4 Nf6 2. e5 Nd5 3. c4 Nb6 4. d4 d6 5. f4 g6 6. Nc3 Bg7 7. Be3 Be6 8. Nf3
O-O 9. b3 c5 10. dxc5 N6d7 11. cxd6 exd6 12. Qxd6 Nxe5 13. Qd2 Nxf3+ 14. gxf3
Qa5 15. Rc1 Nc6 16. Nb5 Qxd2+ 17. Bxd2 Rad8 18. Be3 Bf5 19. Kf2 Bb2 20. Re1 a6
21. Nc7 Bc3 22. Rc1 Bb2 23. Re1 Bc3 1/2-1/2

[Event "4NCL Division 3 Central"]
[Site "Leamington Spa, ENG"]
[Date "2022.05.02"]
[Round "9.25"]
[White "Van Kemenade, Rudy"]
[Black "Smith, Steve"]
[Result "1-0"]
[WhiteElo "1914"]
[BlackElo "1808"]
[PlyCount "63"]
[EventDate "2022.05.02"]
[WhiteTeam "Rhyfelwyr Essyllwg"]
[BlackTeam "West is Best 2"]

1. e4 e5 2. Nf3 Nc6 3. Bb5 a6 4. Ba4 Nf6 5. O-O Be7 6. Re1 b5 7. Bb3 d6 8. c3
O-O 9. d3 Na5 10. Bc2 c5 11. Nbd2 Re8 12. Nf1 Bf8 13. h3 Nc6 14. a4 Bb7 15.
axb5 axb5 16. Rxa8 Bxa8 17. Bg5 h6 18. Bh4 Nb8 19. Ne3 Nbd7 20. Bb3 g6 21. g4
Be7 22. Bg3 Nb6 23. Nh4 c4 24. dxc4 Nxe4 25. Nxg6 fxg6 26. c5+ Nc4 27. Nxc4
bxc4 28. Bxc4+ Kg7 29. cxd6 Qxd6 30. Qa4 Nxg3 31. Qxe8 Qf6 32. Qg8# 1-0

[Event "4NCL Division 3 Central"]
[Site "Leamington Spa, ENG"]
[Date "2022.05.02"]
[Round "9.26"]
[White "Di-Vetta, Andrew"]
[Black "McGregor, John"]
[Result "1-0"]
[WhiteElo "1726"]
[BlackElo "1874"]
[PlyCount "60"]
[EventDate "2022.05.02"]
[WhiteTeam "West is Best 2"]
[BlackTeam "Rhyfelwyr Essyllwg"]

1. Nf3 d5 2. g3 c5 3. Bg2 Nc6 4. O-O e5 5. d3 Nf6 6. b3 Bd6 7. Bb2 O-O 8. Nbd2
Qc7 9. Ng5 h6 10. Nh3 d4 11. Nc4 b5 12. Nxd6 Qxd6 13. Bc1 Bb7 14. e4 Bc8 15. f4
Ng4 16. Qe2 f5 17. fxe5 Ngxe5 18. Nf4 fxe4 19. Qxe4 Bf5 20. Qd5+ Qxd5 21. Bxd5+
Kh7 22. Bd2 Rae8 23. Bg2 Ne7 24. Rae1 N7g6 25. Nxg6 Kxg6 26. h3 Nf7 27. g4 Bc8
28. Be4+ Rxe4 29. Rxe4 Ng5 30. Rxf8 Nxe4 1-0

[Event "4NCL Division 3 Central"]
[Site "Leamington Spa, ENG"]
[Date "2022.05.02"]
[Round "9.31"]
[White "Phan, Stefanus K F"]
[Black "Dicen, Elis Denele"]
[Result "1/2-1/2"]
[WhiteElo "1816"]
[BlackElo "1965"]
[PlyCount "83"]
[EventDate "2022.05.02"]
[WhiteTeam "Oxford 3"]
[BlackTeam "Warwickshire Select 2"]

1. c4 e6 2. g3 d5 3. Bg2 Nf6 4. Nf3 c5 5. O-O Be7 6. e3 O-O 7. b3 Nc6 8. Bb2 b6
9. Nc3 Ba6 10. d3 Qc7 11. Qe2 Rad8 12. Rfd1 Rd7 13. Rac1 Rfd8 14. Nb5 Qb8 15.
d4 cxd4 16. exd4 Bb7 17. Ne5 Nxe5 18. dxe5 Ne8 19. cxd5 Bxd5 20. Rxd5 Rxd5 21.
Bxd5 Rxd5 22. Rd1 Rxd1+ 23. Qxd1 Nc7 24. Qd7 Nxb5 25. Qxe7 h6 26. Qd7 a6 27. a4
Nc7 28. Ba3 Nd5 29. Bd6 Qa8 30. b4 Nc3 31. b5 Ne2+ 32. Kf1 Nd4 33. Kg1 axb5 34.
axb5 Nf3+ 35. Kf1 Nxh2+ 36. Kg1 Nf3+ 37. Kf1 Nd4 38. Kg1 Qa1+ 39. Kg2 Qa8+ 40.
Kg1 Ne2+ 41. Kh2 Nd4 42. Kg1 1/2-1/2

[Event "4NCL Division 3 Central"]
[Site "Leamington Spa, ENG"]
[Date "2022.05.02"]
[Round "9.32"]
[White "Green, Anthony J"]
[Black "Cole, Graham"]
[Result "1-0"]
[WhiteElo "1948"]
[BlackElo "1783"]
[PlyCount "45"]
[EventDate "2022.05.02"]
[WhiteTeam "Warwickshire Select 2"]
[BlackTeam "Oxford 3"]

1. d4 Nf6 2. c4 g6 3. Nc3 Bg7 4. e4 d6 5. Nf3 O-O 6. Be2 e5 7. O-O Nc6 8. d5
Ne7 9. Ne1 Nd7 10. f3 f5 11. g4 Kh8 12. Kg2 Ng8 13. g5 f4 14. h4 h6 15. Rh1
hxg5 16. hxg5+ Bh6 17. gxh6 Qg5+ 18. Kf1 Ndf6 19. Ng2 Nh5 20. Kg1 Nxh6 21. Qe1
Ng3 22. Rxh6+ Qxh6 23. Qxg3 1-0

[Event "4NCL Division 3 Central"]
[Site "Leamington Spa, ENG"]
[Date "2022.05.02"]
[Round "9.33"]
[White "Hibbitt, Arthur"]
[Black "Sandhu, Manvith"]
[Result "1/2-1/2"]
[WhiteElo "1730"]
[BlackElo "1903"]
[PlyCount "48"]
[EventDate "2022.05.02"]
[WhiteTeam "Oxford 3"]
[BlackTeam "Warwickshire Select 2"]

1. f4 d5 2. Nf3 Nf6 3. g3 c5 4. Bg2 Nc6 5. d3 e6 6. c3 Be7 7. O-O O-O 8. Nbd2
Qc7 9. e4 dxe4 10. dxe4 e5 11. f5 b5 12. Re1 c4 13. Nf1 Bc5+ 14. Be3 Bxe3+ 15.
Nxe3 Qb6 16. Kh1 Nxe4 17. Qc2 Nf6 18. Nxe5 Bb7 19. Nxc6 Bxc6 20. Bxc6 Qxc6+ 21.
Qg2 Qc5 22. g4 Rfe8 23. Nc2 Nd5 24. Qf3 Rad8 1/2-1/2

[Event "4NCL Division 3 Central"]
[Site "Leamington Spa, ENG"]
[Date "2022.05.02"]
[Round "9.34"]
[White "Dicen, Imogen"]
[Black "Staples, Neil"]
[Result "1/2-1/2"]
[WhiteElo "1877"]
[BlackElo "1793"]
[PlyCount "52"]
[EventDate "2022.05.02"]
[WhiteTeam "Warwickshire Select 2"]
[BlackTeam "Oxford 3"]

1. e4 g6 2. Nc3 Bg7 3. g3 d6 4. Bg2 Nd7 5. Nge2 e6 6. O-O Ne7 7. d3 b6 8. Be3
Bb7 9. Qd2 h6 10. a4 a6 11. Rab1 Rb8 12. h3 Kf8 13. f4 Kg8 14. g4 Kh7 15. Ng3
f5 16. Nce2 Rg8 17. g5 h5 18. h4 Qe8 19. Bd4 Bxd4+ 20. Nxd4 Qf7 21. Rbe1 c5 22.
Nde2 d5 23. Nc3 d4 24. Nd1 Rge8 25. Qf2 Nc6 26. Re2 b5 1/2-1/2

[Event "4NCL Division 3 Central"]
[Site "Leamington Spa, ENG"]
[Date "2022.05.02"]
[Round "9.35"]
[White "Tringali, Alessandro"]
[Black "Chen, Daniel Xingyu"]
[Result "1-0"]
[WhiteElo "1662"]
[BlackElo "1831"]
[PlyCount "105"]
[EventDate "2022.05.02"]
[WhiteTeam "Oxford 3"]
[BlackTeam "Warwickshire Select 2"]

1. e4 c5 2. Nf3 Nc6 3. Bb5 g6 4. O-O Bg7 5. c3 Nf6 6. Re1 O-O 7. d4 cxd4 8.
cxd4 a6 9. Bf1 d6 10. d5 Ne5 11. Nxe5 dxe5 12. Nc3 b5 13. Qb3 Rb8 14. a3 Bd7
15. f4 Ng4 16. Nd1 Qb6+ 17. Kh1 h5 18. h3 Nf2+ 19. Nxf2 Qxf2 20. Qe3 Qxe3 21.
Bxe3 Rbc8 22. Rab1 Rfe8 23. Rec1 Rxc1 24. Bxc1 Rc8 25. Bd3 f5 26. Bd2 fxe4 27.
Bxe4 Bf5 28. Bxf5 gxf5 29. fxe5 Bxe5 30. Rc1 Rxc1+ 31. Bxc1 Kf7 32. b3 Ke8 33.
Bd2 Kd7 34. Bg5 Kd6 35. Kg1 Bf6 36. Bxf6 exf6 37. Kf2 h4 38. g3 b4 39. a4 hxg3+
40. Kxg3 Kxd5 41. Kf4 Kd4 42. h4 Kc3 43. h5 Kxb3 44. h6 Kxa4 45. h7 b3 46. h8=Q
b2 47. Qh1 Kb3 48. Qb1 a5 49. Ke3 a4 50. Kd2 a3 51. Qd1+ Kb4 52. Kc2 f4 53.
Qd4+ 1-0

[Event "4NCL Division 3 Central"]
[Site "Leamington Spa, ENG"]
[Date "2022.05.02"]
[Round "9.36"]
[White "Fellowes, Billy"]
[Black "Hertog, Alexander"]
[Result "1-0"]
[WhiteElo "1612"]
[BlackElo "1523"]
[PlyCount "191"]
[EventDate "2022.05.02"]
[WhiteTeam "Warwickshire Select 2"]
[BlackTeam "Oxford 3"]

1. e4 c6 2. Nf3 d5 3. exd5 cxd5 4. d4 Nf6 5. Bf4 e6 6. Nc3 Nc6 7. Nb5 Bb4+ 8.
c3 Ba5 9. Nd6+ Ke7 10. Ng5 Rf8 11. Qb3 Nh5 12. Qa3 Bb4 13. cxb4 Nxf4 14. Nxc8+
Kd7 15. b5 Nxd4 16. Qd6+ Ke8 17. Qxf4 Nc2+ 18. Kd2 Nxa1 19. Nd6+ Ke7 20. Nxb7
Qb6 21. Qd6+ Qxd6 22. Nxd6 Kxd6 23. Bd3 h6 24. Nh3 Nb3+ 25. axb3 e5 26. Ra1 e4
27. Be2 g5 28. Ra6+ Ke5 29. Rxh6 Rg8 30. Rh5 f6 31. f4+ Kf5 32. g4+ Kg6 33.
fxg5 fxg5 34. Rxg5+ Kf6 35. Rxd5 Rh8 36. Nf2 Rae8 37. g5+ Kg6 38. Ke3 Rxh2 39.
Nxe4 Rh3+ 40. Bf3 Rh2 41. Rd6+ Kf5 42. Rd5+ Kg6 43. Kf4 Rh4+ 44. Kg3 Rhxe4 45.
Bxe4+ Rxe4 46. Kf3 Rb4 47. Ke3 Rxb3+ 48. Kd4 Rxb2 49. Kc5 Rc2+ 50. Kd6 Rc1 51.
Rc5 Ra1 52. Kc7 Ra2 53. Kb7 Ra5 54. Rd5 Kg7 55. Kc6 Kg6 56. Kc5 Ra1 57. Rd6+
Kxg5 58. Ra6 Rc1+ 59. Kd6 Rb1 60. Kc6 Rc1+ 61. Kb7 Rb1 62. Ra5 Kf6 63. Kxa7 Ke6
64. b6 Kd6 65. Ra2 Kd7 66. b7 Kc7 67. Rc2+ Kd7 68. b8=Q Ra1+ 69. Kb7 Rb1+ 70.
Ka8 Ra1+ 71. Qa7+ Rxa7+ 72. Kxa7 Kd6 73. Kb7 Kd5 74. Kb6 Kd4 75. Kb5 Kd3 76.
Rc4 Ke3 77. Kc5 Kd3 78. Kd5 Ke3 79. Rd4 Kf3 80. Re4 Kf2 81. Ra4 Kf3 82. Ke5 Kg3
83. Kf5 Kf3 84. Ra3+ Ke2 85. Ke4 Kd2 86. Rh3 Kc2 87. Kd4 Kd2 88. Rh2+ Ke1 89.
Ke3 Kd1 90. Ra2 Kc1 91. Kd3 Kb1 92. Rh2 Kc1 93. Rg2 Kb1 94. Kc3 Ka1 95. Kb3 Kb1
96. Rg1# 1-0

[Event "4NCL Division 3 Central"]
[Site "Leamington Spa, ENG"]
[Date "2022.05.02"]
[Round "9.41"]
[White "Matta, Francesca"]
[Black "Rumsby, Stephen"]
[Result "1-0"]
[WhiteElo "1921"]
[BlackElo "1614"]
[PlyCount "57"]
[EventDate "2022.05.02"]
[WhiteTeam "Oxford 2"]
[BlackTeam "Oxford 4"]

1. c4 Nf6 2. Nc3 g6 3. Nf3 d6 4. d4 Bg7 5. e4 O-O 6. Be2 Na6 7. Bg5 c5 8. d5
Nc7 9. Nd2 Bd7 10. f4 Qe8 11. e5 dxe5 12. fxe5 Nh5 13. g4 f6 14. Be3 fxe5 15.
gxh5 Qf7 16. Nde4 Bf5 17. h6 Bf6 18. Qd2 Bh4+ 19. Ng3 b6 20. O-O-O a5 21. Rdf1
Bxg3 22. hxg3 Qe8 23. g4 Bd7 24. Ne4 a4 25. Qc3 Rf7 26. Qxe5 Qf8 27. Rxf7 Qxf7
28. Rf1 Bf5 29. gxf5 1-0

[Event "4NCL Division 3 Central"]
[Site "Leamington Spa, ENG"]
[Date "2022.05.02"]
[Round "9.42"]
[White "Beckett, Richard"]
[Black "Pozimski, Szymon"]
[Result "1-0"]
[WhiteElo "1616"]
[BlackElo "1984"]
[PlyCount "73"]
[EventDate "2022.05.02"]
[WhiteTeam "Oxford 4"]
[BlackTeam "Oxford 2"]

1. e4 b6 2. d4 e6 3. Nf3 Bb7 4. Bd3 Nf6 5. Nc3 Bb4 6. Qe2 d5 7. e5 Ne4 8. Bd2
Bxc3 9. bxc3 Nxd2 10. Qxd2 Ba6 11. O-O Bxd3 12. cxd3 Nd7 13. c4 c6 14. Rac1
dxc4 15. dxc4 O-O 16. Rfe1 Qe7 17. Ng5 Rfd8 18. f4 Nc5 19. Qc2 f5 20. exf6 gxf6
21. Nf3 Nd7 22. Qe4 Nf8 23. f5 Rd6 24. d5 cxd5 25. cxd5 e5 26. Nd4 Qb7 27. Ne6
Rd7 28. Rc6 Nxe6 29. fxe6 Rg7 30. Rec1 Qe7 31. Rc7 Qxc7 32. Rxc7 Rxc7 33. d6
Rc1+ 34. Kf2 Rac8 35. d7 R8c2+ 36. Qxc2 Rxc2+ 37. Ke1 1-0

[Event "4NCL Division 3 Central"]
[Site "Leamington Spa, ENG"]
[Date "2022.05.02"]
[Round "9.43"]
[White "Terry, Sean"]
[Black "Matilal, Tamal"]
[Result "1-0"]
[WhiteElo "1912"]
[BlackElo "1363"]
[PlyCount "59"]
[EventDate "2022.05.02"]
[WhiteTeam "Oxford 2"]
[BlackTeam "Oxford 4"]

1. d4 c5 2. d5 b5 3. e4 a6 4. c4 Nf6 5. e5 Ng8 6. cxb5 e6 7. d6 axb5 8. Bxb5
Qa5+ 9. Nc3 Ba6 10. Qe2 Nc6 11. Bxa6 Nd4 12. Qd3 Qxa6 13. Qxa6 Rxa6 14. Kd1 f6
15. f4 Nh6 16. Be3 Nhf5 17. Bxd4 Nxd4 18. Nf3 fxe5 19. fxe5 g6 20. Nxd4 cxd4
21. Nb5 Ra5 22. a4 Bg7 23. b4 Rxb5 24. axb5 O-O 25. Re1 Rb8 26. Kc2 h6 27. Ra5
Rf8 28. Kd3 Rf2 29. b6 Rf8 30. b7 1-0

[Event "4NCL Division 3 Central"]
[Site "Leamington Spa, ENG"]
[Date "2022.05.02"]
[Round "9.44"]
[White "Hariharan, Shambavi"]
[Black "Neatherway, A Philip"]
[Result "1/2-1/2"]
[WhiteElo "1466"]
[BlackElo "1790"]
[PlyCount "38"]
[EventDate "2022.05.02"]
[WhiteTeam "Oxford 4"]
[BlackTeam "Oxford 2"]

1. d4 Nf6 2. Bf4 g6 3. e3 d5 4. Nf3 Bg7 5. h3 O-O 6. Bd3 c5 7. c3 Qb6 8. Qc1
Nc6 9. Nbd2 cxd4 10. exd4 Re8 11. O-O Bd7 12. Bh2 Rac8 13. Qb1 e6 14. Nb3 Na5
15. Nc5 Bb5 16. Bxb5 Qxb5 17. a4 Qb6 18. b4 Nc4 19. Qc2 Re7 1/2-1/2

[Event "4NCL Division 3 Central"]
[Site "Leamington Spa, ENG"]
[Date "2022.05.02"]
[Round "9.51"]
[White "Ashworth, Michael"]
[Black "Combie, Alex B"]
[Result "1-0"]
[WhiteElo "2207"]
[BlackElo "1834"]
[PlyCount "115"]
[EventDate "2022.05.02"]
[WhiteTeam "Wood Green Monarchs"]
[BlackTeam "Ashfield 2"]

1. d4 Nf6 2. c4 g6 3. Nc3 Bg7 4. e4 d6 5. f3 O-O 6. Be3 c5 7. Nge2 Nc6 8. d5
Ne5 9. Ng3 h5 10. Be2 h4 11. Nf1 h3 12. g3 e6 13. f4 Neg4 14. Bxg4 Nxg4 15.
Qxg4 exd5 16. Qf3 d4 17. Bd2 dxc3 18. Bxc3 Bxc3+ 19. bxc3 Re8 20. Nd2 d5 21.
cxd5 Qxd5 22. e5 Qxf3 23. Nxf3 Bg4 24. Nd2 Rad8 25. Ne4 Bf3 26. Nf6+ Kf8 27.
O-O Bg2 28. Rfd1 Rxd1+ 29. Rxd1 Rc8 30. a4 Bc6 31. a5 Ke7 32. Kf2 Rd8 33. Rxd8
Kxd8 34. Ke3 Ke7 35. c4 Ke6 36. Ne4 Bxe4 37. Kxe4 b6 38. a6 f5+ 39. exf6 Kxf6
40. g4 Ke6 41. f5+ gxf5+ 42. gxf5+ Kf6 43. Kf4 Kf7 44. Ke5 Ke7 45. f6+ Kf7 46.
Kf5 b5 47. cxb5 c4 48. Ke4 Kxf6 49. b6 axb6 50. a7 b5 51. a8=Q b4 52. Qc6+ Kg7
53. Qxc4 b3 54. Qxb3 Kh8 55. Qb7 Kg8 56. Kf5 Kh8 57. Kg6 Kg8 58. Qg7# 1-0

[Event "4NCL Division 3 Central"]
[Site "Leamington Spa, ENG"]
[Date "2022.05.02"]
[Round "9.52"]
[White "Hardman, Daniel"]
[Black "Larkin, Benjamin"]
[Result "1/2-1/2"]
[WhiteElo "1745"]
[BlackElo "2014"]
[PlyCount "79"]
[EventDate "2022.05.02"]
[WhiteTeam "Ashfield 2"]
[BlackTeam "Wood Green Monarchs"]

1. e4 c6 2. Nc3 d5 3. Nf3 dxe4 4. Nxe4 Nf6 5. Qe2 Nxe4 6. Qxe4 Nd7 7. Bc4 Nf6
8. Ne5 e6 9. Qe2 b5 10. Bb3 Qc7 11. d4 Bd6 12. Bf4 O-O 13. O-O a5 14. c3 c5 15.
Rfd1 c4 16. Bc2 b4 17. Qxc4 Qxc4 18. Nxc4 Bxf4 19. g3 Bh6 20. f4 Nd5 21. Be4
Rd8 22. Kf2 Ra7 23. Bxd5 exd5 24. Ne5 Rc7 25. Rac1 g5 26. cxb4 Rxc1 27. Rxc1
gxf4 28. Rc7 Be6 29. bxa5 Ra8 30. b4 fxg3+ 31. hxg3 Bf8 32. Nc6 Bd6 33. Rb7 Bc8
34. Ne7+ Kf8 35. Nxc8 Rxc8 36. a6 Bxb4 37. Rxb4 Rc2+ 38. Kf3 Rxa2 39. Rb6 Ke7
40. Rh6 1/2-1/2

[Event "4NCL Division 3 Central"]
[Site "Leamington Spa, ENG"]
[Date "2022.05.02"]
[Round "9.53"]
[White "Mirza, Diana"]
[Black "Bentley, Alex"]
[Result "1-0"]
[WhiteElo "1905"]
[BlackElo "1758"]
[PlyCount "123"]
[EventDate "2022.05.02"]
[WhiteTeam "Wood Green Monarchs"]
[BlackTeam "Ashfield 2"]

1. e4 c5 2. Nf3 e6 3. d3 Qc7 4. g3 Nc6 5. Bg2 Nf6 6. O-O Be7 7. Bf4 d6 8. Nc3
a6 9. Re1 Ne5 10. Bxe5 dxe5 11. a4 O-O 12. a5 Bd7 13. Qd2 h6 14. Nd1 Rad8 15.
Qc3 Bd6 16. Ne3 Bb5 17. Nc4 Nd7 18. Nxd6 Qxd6 19. Nd2 Qd4 20. Qxd4 cxd4 21. Nc4
Rc8 22. b3 Bxc4 23. dxc4 Nb8 24. Bf1 Nc6 25. Ra4 f5 26. f4 exf4 27. gxf4 e5 28.
exf5 exf4 29. Kf2 Rce8 30. Rxe8 Rxe8 31. Kf3 g5 32. fxg6 Kg7 33. Bd3 Rf8 34.
Ra1 Ne5+ 35. Ke4 Nxd3 36. cxd3 Re8+ 37. Kxf4 Kxg6 38. Rg1+ Kf6 39. h4 Re3 40.
Rg3 Re1 41. h5 Kf7 42. Rg6 Re3 43. Rxh6 Rxd3 44. Rh7+ Ke8 45. Ke4 Rxb3 46. Kxd4
Rh3 47. Kc5 Rh4 48. Rxb7 Rxh5+ 49. Kb4 Kd8 50. Rb6 Kc7 51. Rxa6 Kb7 52. Rb6+
Ka7 53. Re6 Rh1 54. Rd6 Rb1+ 55. Kc5 Ra1 56. Kb5 Rb1+ 57. Kc6 Rb8 58. c5 Rh8
59. Kc7 Rh5 60. c6 Ka6 61. Kc8 Ka7 62. c7 1-0

[Event "4NCL Division 3 Central"]
[Site "Leamington Spa, ENG"]
[Date "2022.05.02"]
[Round "9.54"]
[White "Graham, Neil"]
[Black "Harrison, James"]
[Result "0-1"]
[WhiteElo "1760"]
[BlackElo "1901"]
[PlyCount "68"]
[EventDate "2022.05.02"]
[WhiteTeam "Ashfield 2"]
[BlackTeam "Wood Green Monarchs"]

1. d4 Nf6 2. f3 d5 3. e4 dxe4 4. Nc3 exf3 5. Nxf3 g6 6. Bc4 Bg7 7. O-O O-O 8.
Qe1 Bg4 9. Be3 Nc6 10. Rd1 Bxf3 11. Rxf3 Ng4 12. Kh1 Nxe3 13. Qxe3 Bxd4 14. Qe4
Qe8 15. Nb5 Bb6 16. Rdf1 Nd8 17. Rh3 Qc6 18. Qf4 h5 19. Bd3 Ne6 20. Qh6 Qd5 21.
Rf5 Be3 22. Qxe3 gxf5 23. Qh6 Ng7 24. Nxc7 Qe5 25. Re3 Qxc7 26. Bxf5 Nxf5 27.
Qg5+ Ng7 28. Rg3 Qxg3 29. hxg3 Rfe8 30. g4 hxg4 31. Qxg4 e5 32. Qe4 b6 33. b3
Rad8 34. Qe2 e4 0-1

[Event "4NCL Division 3 Central"]
[Site "Leamington Spa, ENG"]
[Date "2022.05.02"]
[Round "9.55"]
[White "Wilson, Julie"]
[Black "Wright, Nigel"]
[Result "1/2-1/2"]
[WhiteElo "1826"]
[BlackElo "1667"]
[PlyCount "57"]
[EventDate "2022.05.02"]
[WhiteTeam "Wood Green Monarchs"]
[BlackTeam "Ashfield 2"]

1. d4 d6 2. Nf3 Nf6 3. c4 g6 4. Nc3 Bg7 5. e4 c6 6. Bd3 Nbd7 7. O-O Qc7 8. Bd2
O-O 9. Rc1 e5 10. d5 c5 11. a3 a6 12. Ne1 Ne8 13. Kh1 f6 14. f4 Rf7 15. Nf3
exf4 16. Bxf4 Ne5 17. Be2 Bg4 18. b3 Bxf3 19. Bxf3 Nxf3 20. Qxf3 f5 21. Qd3
Bxc3 22. Rxc3 Ng7 23. Rcc1 fxe4 24. Qxe4 Raf8 25. Kg1 Re8 26. Qd3 Nf5 27. Bd2
Nd4 28. Be3 Nf5 29. Bg5 1/2-1/2

[Event "4NCL Division 3 Central"]
[Site "Leamington Spa, ENG"]
[Date "2022.05.02"]
[Round "9.56"]
[White "Thomson, James L"]
[Black "Willow, Hambel M"]
[Result "0-1"]
[WhiteElo "1544"]
[BlackElo "1633"]
[PlyCount "60"]
[EventDate "2022.05.02"]
[WhiteTeam "Ashfield 2"]
[BlackTeam "Wood Green Monarchs"]

1. d4 Nf6 2. c4 e5 3. dxe5 Ng4 4. Nf3 Bc5 5. e3 Nc6 6. Be2 Ngxe5 7. b3 Qf6 8.
Nd4 d6 9. Bb2 Qg6 10. g3 Qe4 11. Rg1 Nb4 12. Kd2 Nbd3 13. f3 Qg6 14. Bc3 Bxd4
15. Bxd4 Nb4 16. e4 Qh6+ 17. f4 Nec6 18. Be3 Qxh2 19. Nc3 Qh6 20. a3 Na6 21. b4
Ne7 22. Kc2 Bd7 23. Qd4 c5 24. bxc5 dxc5 25. Qe5 f6 26. Qd6 Rd8 27. Kb2 Bh3 28.
Qxd8+ Kxd8 29. Nd1 f5 30. Rh1 Qb6+ 0-1